Зал славы рок-н-ролла - Армагеддон - Statistics

General Stats
  • This quiz has been taken 83 times
  • The average score is 4 of 32
Answers on the Grid
Answers color-coded by a green-red scale on the quiz's grid according to % correct below.
The Beates
Pantera
Red Hot Chili Peppers
Queen
Тупак Шакур
The Cure
Korn
The Clash
Брюс Спрингстин
Боб Дилан
Cream
Крис Айзек
Робби Уильямс
Билл Уизерс
ABBA
Scorpions
Майкл Джексон
Джанет Джексон
Bee Gees
Эми Уайнхаус
Шер
Эрик Клэптон
Jay-Z
Боб Марли
Ринго Старр
Maroon 5
Моби
Майк Олдфилд
Blondie
Dire Straits
Тина Тёрнер
Мэрилин Монро
Сабрина Карпентер
Марвин Гэй
Тэйлор Свифт
Beastie Boys
The Animals
Айзек Хейз
Kraftwerk
Оливия Ньютон-Джон
Билл Хейли
U2
Джи-Джи Аллин
Bon Jovi
Хэнк Уильямс
Public Image Ltd
Green Day
Kansas
Eagles
50 Cent
 
Answer Stats
Answer % Correct
The Beates
89%
Queen
66%
Red Hot Chili Peppers
41%
The Cure
27%
Боб Дилан
20%
ABBA
20%
The Clash
18%
Майкл Джексон
14%
Bon Jovi
14%
Jay-Z
11%
The Animals
11%
Тупак Шакур
9%
Eagles
9%
Брюс Спрингстин
7%
Боб Марли
7%
Ринго Старр
7%
Bee Gees
7%
Dire Straits
7%
Green Day
7%
U2
7%
Эрик Клэптон
5%
Тина Тёрнер
5%
Cream
5%
Джанет Джексон
2%
Марвин Гэй
2%
Beastie Boys
2%
Blondie
2%
Билл Уизерс
0%
Шер
0%
Айзек Хейз
0%
Билл Хейли
0%
Хэнк Уильямс
0%
No matching quizzes found
Score Distribution
Percent of People with Each Score
Percentile by Number Answered
Your Score History
You have not taken this quiz